Normal view MARC view

Entry Topical Term

Number of records used in: 1

001 - CONTROL NUMBER

  • control field: 9590

003 - CONTROL NUMBER IDENTIFIER

  • control field: OSt

005 - DATE AND TIME OF LATEST TRANSACTION

  • control field: 20160624180254.0

008 - FIXED-LENGTH DATA ELEMENTS

  • fixed length control field: 160624|| aca||aabn | a|a d

040 ## - CATALOGING SOURCE

  • Original cataloging agency: OSt
  • Transcribing agency: OSt

150 ## - HEADING--TOPICAL TERM

  • Topical term or geographic name entry element: Data Interpretation, Statistical.

670 ## - SOURCE DATA FOUND

  • Source citation: Work cat.: (OSt)4466: Harris, Eugene K., 9587, Statistical bases of reference values in laboratory medicine /, 1995.